000 00805nam a22002297a 4500
999 _c4544
_d4544
003 AR-CdUCM
008 190308b ||||| |||| 00| 0 spa d
020 _a84-211-0296-6
040 _aMUNICIPALIDAD PROVINCIAL DEL CUSCO
_cBIBLIOTECA MUNICIPAL DEL CUSCO
082 _a909.1 /
_bB28
100 _aBarthelemy -Madaule, Madeleine
_914220
245 _aLa ideología del azar y la necesidad /
260 _aEspaña :
_bBarral,
_c1974.
300 _a251 paginas ;
_c20 cm.
505 _aRazonamiento y lenguaje científico -- Del azar a la necesidad --Del azar a la libertad -- Animismos, vitalismos, mecanismo ...
650 _aLenguaje
_93528
650 _aIdeologia
_910650
650 _aAzar y necesidad
_914221
700 _aSenén Juan (Traductor)
_914222
942 _2ddc
_cLIBROS
945 _aacv